Statistiques concernant Meilleure pays où être LGBT+

Cliquez ici pour prendre le quiz!

Statistiques générales

  • Ce quiz a été pris 517 fois
  • Le résultat moyen est 23 sur 40

Statistiques - réponses

% d'égalités des droitsPays% Correct
77%France
98%
80%Espagne
95%
74%États-Unis
92%
79%Allemagne
87%
83%Canada
85%
76%Portugal
83%
74%Royaume-Uni
83%
68%Suisse
81%
77%Belgique
80%
80%Brésil
80%
77%Suède
80%
89%Norvège
79%
79%Finlande
78%
78%Australie
75%
75%Mexique
74%
92%Islande
73%
82%Pays-Bas
73%
87%Danemark
72%
75%Argentine
70%
73%Irlande
68%
79%Luxembourg
63%
75%Autriche
59%
77%Nouvelle-Zélande
57%
80%Chili
53%
75%Colombie
52%
69%Afrique du Sud
48%
82%Andorre
46%
66%Inde
45%
86%Malte
43%
83%Uruguay
43%
65%Estonie
41%
78%Cuba
39%
68%Slovénie
32%
66%Liechtenstein
27%
72%Costa Rica
25%
68%Saint-Marin
25%
68%Fidji
16%
74%Népal
16%
65%Cap-Vert
7%
67%Îles Marshall
6%

Distribution des résultats

Percentile par nombre de réponses

% des personnes avec chaque résultat

Votre développement - résultats

Vous n’avez pas pris ce quiz